Your next great stock : How to screen the market for tomorrow’s top performers
محفوظ في:
| المؤلف الرئيسي: | |
|---|---|
| التنسيق: | كتاب |
| اللغة: | Undetermined |
| منشور في: |
Hoboken, N.J.
John Wiley & Sons
2008
|
| الموضوعات: | |
| الوسوم: |
إضافة وسم
لا توجد وسوم, كن أول من يضع وسما على هذه التسجيلة!
|
| Thư viện lưu trữ: | Trung tâm Học liệu Trường Đại học Cần Thơ |
|---|
| LEADER | 00566nam a2200205Ia 4500 | ||
|---|---|---|---|
| 001 | CTU_157201 | ||
| 008 | 210402s9999 xx 000 0 und d | ||
| 020 | |c 27 | ||
| 082 | |a 332.632042 | ||
| 082 | |b H838 | ||
| 100 | |a Hough, Jack | ||
| 245 | 0 | |a Your next great stock : | |
| 245 | 0 | |b How to screen the market for tomorrow’s top performers | |
| 245 | 0 | |c Jack Hough | |
| 260 | |a Hoboken, N.J. | ||
| 260 | |b John Wiley & Sons | ||
| 260 | |c 2008 | ||
| 650 | |a Stocks,Investments | ||
| 904 | |i Tuyến | ||
| 980 | |a Trung tâm Học liệu Trường Đại học Cần Thơ | ||